[Event "10th Corsica Masters KO"]
[Site "Bastia FRA"]
[Date "2006.11.05"]
[Round "1.1"]
[White "Smirin,I"]
[Black "Fressinet,L"]
[Result "1/2-1/2"]
[WhiteElo "2659"]
[BlackElo "2640"]
[EventDate "2006.11.05"]

1. e4 e5 2. Nf3 Nc6 3. Bb5 a6 4. Ba4 Nf6 5. O-O b5 6. Bb3 Bc5 7. a4 Rb8 8.
c3 O-O 9. d4 Bb6 10. dxe5 Ng4 11. axb5 axb5 12. Bf4 Qe8 13. Na3 Ngxe5 14.
Nxe5 Nxe5 15. Nc2 d6 16. Be3 Be6 17. Bxe6 fxe6 18. Bxb6 Rxb6 19. Ne3 Qg6
20. f3 Rbb8 21. Kh1 b4 22. Qc2 Qh6 23. Rfe1 bxc3 24. Qxc3 Rb7 25. b4 Rfb8
26. Nc2 Qf6 27. Rad1 h6 28. Rf1 Nd7 29. Qc6 Ne5 30. Qc3 Nd7 31. Qc4 Ne5 32.
Qa2 Nc6 33. Qc4 Ne5 34. Qa2 Nc6 35. Qc4 Ne5 1/2-1/2

[Event "10th Corsica Masters KO"]
[Site "Bastia FRA"]
[Date "2006.11.05"]
[Round "1.1"]
[White "Almasi,Z"]
[Black "Kazhgaleyev,M"]
[Result "1/2-1/2"]
[WhiteElo "2664"]
[BlackElo "2609"]
[EventDate "2006.11.05"]

1. e4 e5 2. Nf3 d6 3. d4 exd4 4. Nxd4 Nf6 5. Nc3 Be7 6. g3 d5 7. e5 Ng4 8.
Bg2 O-O 9. Nxd5 Bc5 10. c3 Nxe5 11. O-O c6 12. Ne3 Nbd7 13. Qc2 Nf6 14. Rd1
Qc7 15. Nef5 Re8 16. Bg5 Nd5 17. c4 Bxf5 18. Nxf5 Ne7 19. Nxe7+ Bxe7 20.
Bf4 Bf6 21. Re1 Qa5 22. Re2 Ng6 23. Be3 h6 24. h4 Rad8 25. a3 Bd4 26. Bxd4
Rxe2 27. Qxe2 Rxd4 28. Re1 Nf8 29. Qe8 Rd8 30. Qe7 Rd7 31. Qe3 Rd3 32. Qe7
Rd7 33. Qe3 Rd3 34. Qe7 Rd7 35. Qe3 1/2-1/2

[Event "10th Corsica Masters KO"]
[Site "Bastia FRA"]
[Date "2006.11.05"]
[Round "1.1"]
[White "Bacrot,E"]
[Black "Chernin,A"]
[Result "1-0"]
[WhiteElo "2705"]
[BlackElo "2587"]
[EventDate "2006.11.05"]

1. d4 d5 2. c4 c6 3. Nc3 Nf6 4. Nf3 a6 5. e3 e6 6. c5 Nbd7 7. Bd3 b6 8.
cxb6 Qxb6 9. O-O c5 10. b3 cxd4 11. exd4 Bd6 12. Bg5 O-O 13. Re1 Qb8 14.
Rc1 Bb7 15. Bh4 Rc8 16. Rc2 Bb4 17. Qc1 Qa7 18. a3 Bxc3 19. Rxc3 Ne4 20.
Rxc8+ Rxc8 21. Qf4 Qb6 22. b4 h6 23. Rc1 g5 24. Rxc8+ Bxc8 25. Qc1 Bb7 26.
Bg3 Nxg3 27. hxg3 Bc6 28. g4 Kg7 29. Qc3 Qb7 30. Bc2 Bb5 31. Nd2 Nf6 32. f3
Qb8 33. a4 Be8 34. Nf1 h5 35. Qd2 Kh6 36. gxh5 Nxh5 37. Ne3 f5 38. Qe1 Bg6
39. g4 Ng7 40. gxf5 Nxf5 41. Bxf5 exf5 42. Nxd5 Qc8 43. Qd2 Qc4 44. Qh2+
Kg7 45. Qc7+ Qxc7 46. Nxc7 Bf7 47. Nxa6 1-0

[Event "10th Corsica Masters KO"]
[Site "Bastia FRA"]
[Date "2006.11.05"]
[Round "1.1"]
[White "Kasimdzhanov,R"]
[Black "Tregubov,P"]
[Result "1/2-1/2"]
[WhiteElo "2672"]
[BlackElo "2596"]
[EventDate "2006.11.05"]

1. e4 c5 2. Nf3 Nc6 3. d4 cxd4 4. Nxd4 Nf6 5. Nc3 e5 6. Ndb5 d6 7. Bg5 a6
8. Na3 b5 9. Nd5 Be7 10. Bxf6 Bxf6 11. c3 Bg5 12. Nc2 O-O 13. a4 bxa4 14.
Rxa4 a5 15. Bc4 Rb8 16. Ra2 Kh8 17. Nce3 Bxe3 18. Nxe3 Ne7 19. O-O f5 20.
exf5 Bxf5 21. b3 Be4 22. Rd2 Rb6 23. Be6 Rf6 24. Bd5 Bxd5 25. Nxd5 Nxd5 26.
Rxd5 h6 27. Rxe5 Rxb3 28. Rxa5 Rxc3 29. Qa1 Rc2 30. Ra8 Rc8 31. Rxc8 Qxc8
32. Qd4 Qc5 33. Qe4 d5 34. Qe5 Qd6 35. Qd4 Rf4 36. Qd3 Qc5 37. Qd2 Rf8 38.
Rd1 Rd8 39. g3 d4 40. Qd3 Qd5 41. h4 Re8 42. Kh2 Rf8 43. Qxd4 Qxd4 1/2-1/2

[Event "10th Corsica Masters KO"]
[Site "Bastia FRA"]
[Date "2006.11.05"]
[Round "1.2"]
[White "Fressinet,L"]
[Black "Smirin,I"]
[Result "1/2-1/2"]
[WhiteElo "2640"]
[BlackElo "2659"]
[EventDate "2006.11.05"]

1. e4 g6 2. d4 Bg7 3. Nc3 d6 4. Be3 a6 5. h4 Nf6 6. f3 Nc6 7. Nge2 h5 8.
Qd2 b5 9. Nd5 Nxd5 10. exd5 Nb8 11. a4 Bb7 12. axb5 axb5 13. Rxa8 Bxa8 14.
Nf4 c6 15. dxc6 Bxc6 16. d5 Bd7 17. Bd4 Be5 18. Bxe5 dxe5 19. Nd3 Qc7 20.
Qc3 Qxc3+ 21. bxc3 f6 22. Nc5 Kf7 23. Kd2 Rc8 24. Nxd7 Nxd7 25. Bxb5 Nb6
26. Bc6 e6 27. dxe6+ Kxe6 28. Bb5 Nc4+ 29. Bxc4+ Rxc4 30. Kd3 Kd5 31. g3 f5
32. Ra1 e4+ 33. fxe4+ fxe4+ 34. Kd2 Ke5 35. Ra5+ Kf6 36. Rg5 Rc8 37. Ke3
Rxc3+ 38. Kxe4 1/2-1/2

[Event "10th Corsica Masters KO"]
[Site "Bastia FRA"]
[Date "2006.11.05"]
[Round "1.2"]
[White "Kazhgaleyev,M"]
[Black "Almasi,Z"]
[Result "1-0"]
[WhiteElo "2609"]
[BlackElo "2664"]
[EventDate "2006.11.05"]

1. d4 Nf6 2. c4 e6 3. Nf3 b6 4. g3 Ba6 5. Qc2 Bb7 6. Bg2 c5 7. d5 exd5 8.
cxd5 Bxd5 9. Nc3 Be6 10. Ne5 d5 11. Bg5 Be7 12. Qa4+ Kf8 13. Rd1 Nbd7 14.
Nxd5 Nxd5 15. Rxd5 Bxd5 16. Nxd7+ Kg8 17. Bxd5 Bxg5 18. Bxa8 Qxa8 19. O-O
h5 20. h4 Bd8 21. Rd1 Bc7 22. b4 cxb4 23. Rc1 Qb7 24. Qxb4 Kh7 25. Qc4 Bd8
26. Qxf7 Qe4 27. Nf8+ Rxf8 28. Qxf8 Bf6 29. Qc8 Kh6 30. Qc4 Qe7 31. Qd3 Qb7
32. Qe3+ Kh7 33. Qf3 Qf7 34. Kh2 Kh6 35. Rc8 Kh7 36. Qe4+ g6 37. Rb8 Kh6
38. Rb7 1-0

[Event "10th Corsica Masters KO"]
[Site "Bastia FRA"]
[Date "2006.11.05"]
[Round "1.2"]
[White "Chernin,A"]
[Black "Bacrot,E"]
[Result "0-1"]
[WhiteElo "2587"]
[BlackElo "2705"]
[EventDate "2006.11.05"]

1. d4 d5 2. c4 c6 3. cxd5 cxd5 4. Nc3 Nf6 5. Nf3 a6 6. Bf4 Nc6 7. Rc1 Bf5
8. e3 Rc8 9. Be2 e6 10. O-O Be7 11. Nd2 O-O 12. a3 Nd7 13. Nb3 Bf6 14. Bg3
Re8 15. Re1 h6 16. Bf1 Bg6 17. Na4 e5 18. Nac5 Nxc5 19. Nxc5 Re7 20. dxe5
Nxe5 21. b4 Nc4 22. Bxc4 dxc4 23. Bd6 Re8 24. Nxb7 Qb6 25. Na5 c3 26. Bg3
c2 27. Qe2 Bb2 28. Nc4 Rxc4 29. Qxc4 Bxc1 30. Rxc1 Rd8 31. Qe2 Qb5 0-1

[Event "10th Corsica Masters KO"]
[Site "Bastia FRA"]
[Date "2006.11.05"]
[Round "1.3"]
[White "Fressinet,L"]
[Black "Smirin,I"]
[Result "1-0"]
[WhiteElo "2640"]
[BlackElo "2659"]
[EventDate "2006.11.05"]

1. e4 g6 2. d4 Bg7 3. Nc3 d6 4. Be3 a6 5. Qd2 b5 6. Nf3 Nf6 7. Bd3 Bb7 8.
Bh6 O-O 9. h4 b4 10. Nd5 Bxd5 11. exd5 Nbd7 12. h5 Ng4 13. Bxg7 Kxg7 14.
Ng5 Ndf6 15. f3 h6 16. Nxf7 Rxf7 17. hxg6 Rf8 18. O-O-O Nxd5 19. fxg4 Nf4
20. Bf5 1-0

[Event "10th Corsica Masters KO"]
[Site "Bastia FRA"]
[Date "2006.11.05"]
[Round "1.4"]
[White "Smirin,I"]
[Black "Fressinet,L"]
[Result "0-1"]
[WhiteElo "2659"]
[BlackElo "2640"]
[EventDate "2006.11.05"]

1. g3 d5 2. Bg2 c6 3. Nf3 Bg4 4. d3 Nd7 5. Nbd2 e6 6. h3 Bh5 7. O-O Bd6 8.
e4 Ne7 9. b3 O-O 10. Bb2 f6 11. d4 Kh8 12. Re1 c5 13. g4 Bf7 14. dxc5 Bxc5
15. exd5 Nxd5 16. Ne4 Bb4 17. c3 Be7 18. c4 Nf4 19. Nd6 Nc5 20. Nxf7+ Rxf7
21. Qxd8+ Rxd8 22. Red1 Ncd3 23. Bd4 Ne2+ 24. Kf1 Nxd4 25. Rxd3 Nxf3 26.
Rxf3 Bc5 27. Re1 Re7 28. b4 Bxb4 29. Rb1 Bc5 30. Rfb3 b6 31. R3b2 Red7 32.
Ke1 Kg8 33. Bf1 Rd4 34. Be2 Kf7 35. Rc2 Rf4 36. f3 Rfd4 37. Rb3 a5 38. a3
h5 39. h4 Rh8 0-1

[Event "10th Corsica Masters KO"]
[Site "Bastia FRA"]
[Date "2006.11.05"]
[Round "2.1"]
[White "Bacrot,E"]
[Black "Fressinet,L"]
[Result "1/2-1/2"]
[WhiteElo "2705"]
[BlackElo "2640"]
[EventDate "2006.11.05"]

1. d4 d5 2. c4 c6 3. Nf3 Nf6 4. e3 e6 5. Bd3 dxc4 6. Bxc4 Nbd7 7. O-O Bd6
8. Nc3 O-O 9. e4 e5 10. Bg5 Qe7 11. Re1 Rd8 12. d5 h6 13. dxc6 bxc6 14. Bd2
Nb6 15. Bb3 Bg4 16. h3 Bh5 17. g4 Nxg4 18. hxg4 Bxg4 19. Qe2 Bc5 20. Be3
Bd4 21. Kg2 Rd6 22. Nxd4 Rg6 23. f3 Qh4 24. fxg4 Rxg4+ 25. Qxg4 Qxg4+ 26.
Kf2 exd4 27. Bxd4 Qh4+ 28. Ke2 Rd8 29. Rad1 Qg4+ 30. Kf2 Qf4+ 31. Ke2 Qg4+
32. Kf2 Qh4+ 33. Ke2 Qg4+ 34. Kf2 Qf4+ 1/2-1/2

[Event "10th Corsica Masters KO"]
[Site "Bastia FRA"]
[Date "2006.11.05"]
[Round "2.1"]
[White "Anand,V"]
[Black "Gurevich,M"]
[Result "1-0"]
[WhiteElo "2779"]
[BlackElo "2648"]
[EventDate "2006.11.05"]

1. e4 e6 2. d4 d5 3. Nc3 dxe4 4. Nxe4 Bd7 5. Nf3 Bc6 6. Bd3 Nd7 7. c4 Ngf6
8. Nc3 Be7 9. O-O Bxf3 10. Qxf3 c6 11. Be3 O-O 12. Rad1 Re8 13. Bb1 Qa5 14.
d5 exd5 15. cxd5 Ne5 16. Qf5 Neg4 17. Bd4 Qc7 18. g3 Rad8 19. Rfe1 Bf8 20.
Rxe8 Rxe8 21. Ne4 Qc8 22. Nxf6+ Nxf6 23. Bxf6 Qxf5 24. Bxf5 gxf6 25. d6 Rd8
26. d7 Bc5 27. Kg2 h6 28. f3 Kf8 29. Re1 Bd6 30. Kh3 Be5 31. b3 c5 32. Kg4
b5 33. Re4 a5 34. Kh5 Kg7 35. Rg4+ Kf8 36. Kxh6 Ke7 37. Kh7 Rb8 38. Re4 Kf8
39. f4 Bd6 40. Bg4 c4 41. bxc4 b4 42. Bd1 f5 43. Re2 Be7 44. Ba4 1-0

[Event "10th Corsica Masters KO"]
[Site "Bastia FRA"]
[Date "2006.11.05"]
[Round "2.2"]
[White "Kazhgaleyev,M"]
[Black "Gagunashvili,M"]
[Result "1-0"]
[WhiteElo "2609"]
[BlackElo "2611"]
[EventDate "2006.11.05"]

1. d4 d6 2. c4 e5 3. d5 f5 4. e4 Nf6 5. exf5 Bxf5 6. Nc3 g6 7. Bd3 Bg7 8.
Bxf5 gxf5 9. Nf3 h6 10. Nh4 Qd7 11. Qd3 e4 12. Qg3 Ng4 13. h3 Ne5 14. O-O
Na6 15. Ng6 O-O-O 16. Nxh8 Bxh8 17. Qe3 Rg8 18. Kh1 Qg7 19. Rg1 Nc5 20.
Qxh6 Nxc4 21. Qxg7 Bxg7 22. g4 Nd3 23. Rg2 Bd4 24. Kg1 Nxc1 25. Rxc1 e3 26.
f4 e2+ 27. Kh1 Nxb2 28. Nxe2 Nd3 29. Rf1 Bc5 30. g5 Kd7 31. Ng3 Rf8 32. g6
Rh8 33. Kh2 Be3 34. g7 Rg8 35. Nh5 Bd4 36. Rd1 Ne5 37. Nf6+ 1-0

[Event "10th Corsica Masters KO"]
[Site "Bastia FRA"]
[Date "2006.11.05"]
[Round "2.2"]
[White "Gurevich,M"]
[Black "Anand,V"]
[Result "0-1"]
[WhiteElo "2648"]
[BlackElo "2779"]
[EventDate "2006.11.05"]

1. c4 c5 2. Nc3 g6 3. g3 Bg7 4. Bg2 Nc6 5. a3 b6 6. b4 Bb7 7. bxc5 bxc5 8.
Rb1 Qc8 9. Ne4 Nd8 10. Bf3 Bc6 11. Nh3 Ne6 12. O-O Nf6 13. Neg5 Bxf3 14.
Nxf3 O-O 15. d3 Rb8 16. Bf4 d6 17. Qa4 Qd7 18. Qa6 h6 19. Be3 g5 20. Nd2
Ng4 21. Kg2 f5 22. Rxb8 Rxb8 23. Rb1 Rxb1 24. Nxb1 Nd8 25. Bd2 Qc6+ 26.
Qxc6 Nxc6 27. f3 Nf6 28. Nc3 Nd7 29. Nf2 Nb6 30. Nfd1 Nd4 31. Ne3 e6 32.
Nb5 Nxb5 33. cxb5 d5 34. Ba5 Na4 35. Kf1 Kf7 36. Nd1 Be5 37. Ke1 Ke7 38.
Kd2 f4 39. g4 Kd6 40. Kc2 Bd4 41. Bd2 e5 42. e3 fxe3 43. Nxe3 Bxe3 44. Bxe3
d4 45. Bd2 Kd5 46. Kb3 Nb6 47. a4 c4+ 48. dxc4+ Nxc4 49. Bb4 Nd6 50. Ba3
Nc4 51. Bb4 Nd6 52. h3 Nb7 53. Bf8 Nc5+ 54. Kc2 Ne6 55. Bxh6 Kc4 56. Kd2
Kb4 57. Kd3 Kxa4 58. Kc4 Ka5 0-1

[Event "10th Corsica Masters KO"]
[Site "Bastia FRA"]
[Date "2006.11.05"]
[Round "3.1"]
[White "Bacrot,E"]
[Black "Kasimdzhanov,R"]
[Result "1-0"]
[WhiteElo "2705"]
[BlackElo "2672"]
[EventDate "2006.11.05"]

1. d4 d5 2. Nf3 Nf6 3. c4 e6 4. Nc3 Be7 5. Bg5 h6 6. Bh4 O-O 7. e3 b6 8.
Bd3 dxc4 9. Bxc4 Bb7 10. O-O Nbd7 11. Bg3 c5 12. Qe2 a6 13. Rad1 b5 14. d5
exd5 15. Bxd5 Qb6 16. Nh4 Nxd5 17. Nf5 Nxc3 18. Nxe7+ Kh8 19. bxc3 Qe6 20.
Qd3 Nf6 21. Qd6 Qxd6 22. Bxd6 Ne4 23. f3 Nxc3 24. Rd3 Na4 25. Rfd1 Nb2 26.
Bxc5 Nxd3 27. Rxd3 Rfd8 28. Bd4 Rd7 29. Bxg7+ Kxg7 30. Rxd7 Rb8 31. Nf5+
Kg6 32. e4 1-0

[Event "10th Corsica Masters KO"]
[Site "Bastia FRA"]
[Date "2006.11.05"]
[Round "3.2"]
[White "Kasimdzhanov,R"]
[Black "Bacrot,E"]
[Result "1-0"]
[WhiteElo "2672"]
[BlackElo "2705"]
[EventDate "2006.11.05"]

1. d4 d5 2. c4 c6 3. Nf3 Nf6 4. Nc3 a6 5. c5 Nbd7 6. Bf4 Nh5 7. Bg5 h6 8.
Bd2 Nhf6 9. Bf4 Nh5 10. Be5 Nxe5 11. Nxe5 g6 12. Qc2 Be6 13. e3 Bg7 14. f4
O-O 15. g4 Nf6 16. f5 Bc8 17. fxg6 fxg6 18. Nxg6 Re8 19. h3 e5 20. dxe5 Nd7
21. O-O-O Nxe5 22. Nf4 Qe7 23. Na4 Nf3 24. Nh5 Qxe3+ 25. Kb1 Nd4 26. Qg6
Qe4+ 27. Qxe4 Rxe4 28. Nc3 Bh8 29. Nxe4 dxe4 30. Bc4+ Kf8 31. Rhe1 Ne6 32.
Rxe4 Nxc5 33. Rd8+ 1-0

[Event "10th Corsica Masters KO"]
[Site "Bastia FRA"]
[Date "2006.11.05"]
[Round "3.4"]
[White "Bacrot,E"]
[Black "Kasimdzhanov,R"]
[Result "0-1"]
[WhiteElo "2705"]
[BlackElo "2672"]
[EventDate "2006.11.05"]

1. d4 d5 2. Nf3 Nf6 3. c4 e6 4. Nc3 Be7 5. Bg5 h6 6. Bh4 O-O 7. e3 b6 8.
Bd3 dxc4 9. Bxc4 Bb7 10. O-O Nbd7 11. Qe2 Ne4 12. Nxe4 Bxh4 13. Nc3 Be7 14.
Rad1 Nf6 15. Ne5 c5 16. f4 cxd4 17. exd4 Bb4 18. f5 Bxc3 19. bxc3 exf5 20.
Rxf5 Bd5 21. Bxd5 Qxd5 22. Rdf1 Qe6 23. Qd3 Rad8 24. Qh3 b5 25. Qh4 Rd6 26.
Qg3 Ne4 27. Qf3 Nd2 28. Qg3 Nxf1 29. Rxf1 Ra6 30. h4 Rxa2 31. Kh2 Re2 32.
Ra1 Rxe5 33. dxe5 Re8 34. Re1 a5 35. Qd3 b4 36. c4 a4 37. c5 b3 38. Re3 b2
39. Re1 Qb3 40. Qe4 a3 41. c6 a2 42. e6 Qxe6 43. Qxe6 fxe6 0-1

[Event "10th Corsica Masters KO"]
[Site "Bastia FRA"]
[Date "2006.11.05"]
[Round "4.2"]
[White "Kasimdzhanov,R"]
[Black "Anand,V"]
[Result "1/2-1/2"]
[WhiteElo "2672"]
[BlackElo "2779"]
[EventDate "2006.11.05"]

1. d4 d5 2. c4 c6 3. Nf3 Nf6 4. cxd5 cxd5 5. Nc3 Nc6 6. Bf4 a6 7. Rc1 Bf5
8. e3 Rc8 9. Bd3 Bxd3 10. Qxd3 e6 11. O-O Be7 12. h3 O-O 13. Ne5 Nxe5 14.
Bxe5 Nd7 15. Bf4 Nb6 16. Rc2 Nc4 17. b3 Na3 18. Rcc1 Qa5 19. Na4 Nb5 20. e4
Rcd8 21. e5 Rc8 22. Bd2 Bb4 23. Be3 Na7 24. Qb1 Ba3 25. Rcd1 Rc7 26. f4
Rfc8 27. f5 Nb5 28. fxe6 fxe6 29. Qd3 Rc2 30. Rd2 Qc7 31. Rxc2 Qxc2 32.
Qxc2 Rxc2 33. Rf2 Rc6 34. Kf1 a5 35. Ke2 Nc3+ 36. Nxc3 Rxc3 37. Bd2 Rc2 38.
Kf3 b6 39. Be1 Rc1 40. Bd2 Rd1 41. Be3 h6 42. Rc2 Ra1 43. Ke2 b5 44. Bd2 a4
45. bxa4 bxa4 46. Rc8+ Kf7 47. Ra8 Rg1 48. Kf2 Rd1 49. Ke2 1/2-1/2